000 00224nam a2200097Ia 4500
008 170619s9999 xx 000 0 und d
100 _aShigley- J E
245 0 _aMechanical Engg. Design
260 _bNew Delhi: TMH
260 _c2004
546 _aENGLISH
999 _c16927
_d16927